European property law journal

Detalles Bibliográficos
Formato: Electrónico Revista
Lenguaje:inglés
Publicado: Berlin : de Gruyter, [2012]-
Materias:
Acceso en línea:Full text available from Research Library: 01/01/2013 to 6 months ago

MARC

LEADER 00000nas a2200000 i 4500
001 ssj0001285427
003 WaSeSS
005 20200512172242.0
006 m d
007 cr n
008 121129c20129999gw qr p s 0 a0eng
010 |a  2015217030 
016 7 |a 2645916 4  |2 DE-600 
022 |a 2190-8362  |l 2190-8273  |y 2190-8273 
035 |a (WaSeSS)ssj0001285427 
040 |a EUX  |b eng  |c EUX  |d OCLCO  |d OCLCF  |d DLC  |d COO  |d DLC  |d AU@  |d OCL  |d WaSeSS 
042 |a pcc 
043 |a e------ 
050 0 0 |a K5 
210 0 |a Eur. prop. law j. (Internet) 
222 0 |a European property law journal (Internet) 
245 0 0 |a European property law journal  |h [electronic resource]. 
260 |a Berlin :  |b de Gruyter,  |c [2012]- 
310 |a Quarterly 
362 1 |a Began with Volume 1, number 1 (2012). 
506 |a License restrictions may limit access. 
538 |a Mode of access: World Wide Web. 
588 |a Description based on: Volume 1, number 1 (2012); title from title page. 
588 |a Latest issue consulted: Volume 3, number 2 (2014). 
650 0 |a Real property  |z European Union countries  |v Periodicals. 
650 7 |a Real property.  |2 fast  |0 (OCoLC)fst01091096 
651 7 |a European Union countries.  |2 fast  |0 (OCoLC)fst01269470 
655 0 |a Electronic journals. 
776 0 |t European property law journal  |x 2190-8273  |w (DLC) 2013207320  |w (OCoLC)819646962 
856 4 0 |z Full text available from Research Library: 01/01/2013 to 6 months ago  |u https://search.proquest.com/publication/2031350